000 00868nam a2200265Ia 4500
003 GCL
008 140319s9999 xx 000 0 ara d
040 _aGCL /
_cGCL
082 0 4 _aط
_b031
_bش ك
100 1 _aالشركة الشرقية للمطبوعات
245 1 0 _aكتاب المعرفة : نشأة القارات /
_cالشركة الشرقية للمطبوعات
260 _aالقاهرة :
_bالشركة الشرقية للمطبوعات
300 _a160 ص ؛
_c30 سم
490 _aكتاب المعرفة
_v0
650 0 4 _aامريكا الجنوبية
650 0 4 _aافريقيا
650 0 4 _aالجغرافيا
650 0 4 _aالخرائط
650 0 4 _aامريكا الشمالية
650 0 4 _aاسيا
650 0 4 _aاستراليا
650 0 4 _aاوربا
650 0 4 _aالقارة المتجمدة
942 _2ddc
_cBK
999 _c48086
_d48086